| 000 | 00987nam a2200229Ia 4500 | ||
|---|---|---|---|
| 008 | 191130s1998##################000#0#eng## | ||
| 020 | _a9780691058344 | ||
| 040 |
_aACL _cACL |
||
| 082 | _a297.4092 COR | ||
| 100 | _aCorbin, Henry | ||
| 245 |
_aAlone with the alone : creative imagination in the Ṣūfism of Ibn ʻArabī _cHenry Corbin ; with a new preface by Harold Bloom |
||
| 260 |
_aPrinceton, NJ _bPrinceton University Press _c1998 |
||
| 300 | _axx, 406 p., 4 leaves of plates : ill. ; 24 cm | ||
| 500 | _aPreviously published as: L'imagination créatrice dans le soufisme d'Ibn ʻArabi and Creative imagination in the Ṣūfism of Ibn ʻArabī. Includes bibliographical references (p. 393-398) and index | ||
| 650 | _aCreative ability - Religious aspects - Islam | ||
| 650 | _aIbn al-ʻArabī, 1165-1240 | ||
| 650 | _aImagination - Religious aspects - Islam | ||
| 650 | _aSufism | ||
| 990 | _add410b1fac10000c57dc9d6f0f22dd78 | ||
| 991 | _a241781 | ||
| 999 |
_c366460 _d366460 |
||